Movies Missing 5-Letter Words Quiz Stats

Quiz Updated Apr 28, 2016

Challenge
Share
Tweet
Embed
Score 0/50 Timer 04:00
2 Plays Today
Title Word % Correct
When ___ Met Sally...Harry
93.8%
___ Hawk DownBlack
93.3%
What's Eating Gilbert ___Grape
92.8%
Wayne's ___World
92.8%
Bonnie and ___Clyde
92.5%
Lady and the ___Tramp
90%
Yankee Doodle ___Dandy
88.6%
___ by NorthwestNorth
86.8%
___ MaguireJerry
86.3%
___ InstinctBasic
86.1%
___ MagnoliasSteel
85.6%
___ GilmoreHappy
84.5%
___ Size MeSuper
82.7%
The ___ ClauseSanta
82.7%
___ Without a CauseRebel
82.1%
Definitely, ___Maybe
81.6%
___ of DreamsField
81.5%
___, Stupid, Love.Crazy
78.9%
The ___ TenenbaumsRoyal
78.9%
The Bad News ___Bears
78.4%
The Red ___ of CourageBadge
75.8%
Sweet ___ of SuccessSmell
72.6%
___ and the ArgonautsJason
71.7%
___ BuckUncle
71.4%
___ a BoyAbout
70.7%
Title Word % Correct
To Catch a ___Thief
70.7%
Twin ___: Fire Walk with MePeaks
66.8%
Strangers on a ___Train
65.8%
Midnight in ___Paris
59.4%
One Hour ___Photo
58.6%
Harold and ___Maude
57.7%
Jackie ___Brown
57.3%
Searching for ___ FischerBobby
57.3%
The ___ of the YankeesPride
56%
Jeff, Who ___ at HomeLives
55.6%
The Life Aquatic with ___ ZissouSteve
53.9%
___ the GreekZorba
49.6%
___ DinGunga
47.5%
The ___ MutinyCaine
46.8%
A Face in the ___Crowd
45.8%
The 39 ___Steps
44.7%
___ of DogtownLords
41.1%
___ Days of the CondorThree
40.4%
The ___ and Mrs. MuirGhost
40.2%
Bend of the ___River
29.8%
Thirty Seconds Over ___Tokyo
25.6%
Lonely Are the ___Brave
22%
The ___ HereafterSweet
20%
___ Pretty ThingsDirty
17.7%
A Bucket of ___Blood
10.1%

You're not logged in!

Compare scores with friends on all Sporcle quizzes.
Join for Free
OR
Log In

You Might Also Like...

Show Comments

Extras

Top Quizzes Today


Score Distribution

Your Account Isn't Verified!

In order to create a playlist on Sporcle, you need to verify the email address you used during registration. Go to your Sporcle Settings to finish the process.

Report this User

Report this user for behavior that violates our Community Guidelines.

Details: